000
00426nam a2200145Ia 4500
008
100122s9999 xx 000 0 und d
082
_b
30944
_a
823.08
100
_a
परचुरे श्री दि
245
_a
उन्मेष
260
_b
चिंतामणी साहित्य सहयोग
_c
1980
300
_a
123
630
_a
उन्मेष
730
_a
उन्मेष
942
_c
BOOK
999
_c
415714
_d
415711